LEADER 00788nam a22001817a 4500
082 |a 894.M3  |b THY/V L6 
100 |a കഴക്കുട്ടം ത്യാഗരാജന്‍;  |9 6239 
100 |a Kazhakuttom Thyagarajan  |9 6274 
240 |a Vilangukal 
245 |a വിലങ്ങുകള്‍ 
250 |a 1st 
260 |a Thuravoor;  |b Sree Narasimha Vilasom Book Depot;  |c 1976 
300 |a 154p. 
650 |a മലയാളം; മലയാളം നോവല്‍  |9 3 
650 |a Malayalam; Malayalam Novel; Literature; Malayalam Fiction; Kazhakkuttom Thyagarajan  |9 6257 
942 |c BK 
999 |c 32022  |d 32022 
952 |0 0  |1 0  |4 0  |6 894_000000000000000_M3_THY_V_L6  |7 0  |8 FIC  |9 35280  |a MAL  |b MAL  |c STAFF  |d 2015-05-08  |e 20376  |g 7.00  |l 0  |o 894.M3 THY/V L6  |p MAL020376  |r 2015-05-08  |t 1  |w 2015-05-08  |y BK